|
|
|
|
| LEADER |
00923nam a22002417a 4500 |
| 001 |
40456 |
| 003 |
BD-DhAAL |
| 005 |
20230314163243.0 |
| 008 |
230314t2003 ii a|||| b||| 001 0 eng d |
| 020 |
|
|
|a 0195667964
|
| 040 |
|
|
|a BD-DhAAL
|
| 082 |
|
|
|a 338.9
|2 21
|
| 100 |
|
|
|a Lucas, Robert E.
|9 53862
|
| 245 |
|
|
|a Lectures on economic growth /
|c Robert E. Lucas, Jr.
|
| 260 |
|
|
|a Oxford University Press,
|b New Delhi,
|c 2003
|
| 300 |
|
|
|a 204 pages :
|b illustrations ;
|c 22 cm.
|
| 504 |
|
|
|a Includes bibliographical references (p. 191-199) and index.
|
| 541 |
|
|
|a Akbar Ali Khan Collections
|e 40456
|
| 650 |
|
|
|a Economic development.
|
| 852 |
|
|
|a Ayesha Abed Library
|c Akbar Ali Khan Collection
|
| 942 |
|
|
|2 ddc
|c BK
|
| 999 |
|
|
|c 45595
|d 45595
|
| 952 |
|
|
|0 0
|1 0
|2 ddc
|4 0
|6 338_900000000000000_LUC
|7 1
|9 73413
|a BRACUL
|b BRACUL
|c AAKC
|d 2023-03-14
|e Donated by Akbar Ali Khan
|g 222.79
|l 0
|o 338.9 LUC
|p 3010040456
|r 2023-03-14
|t 1
|v 222.79
|w 2023-03-14
|y BK
|